01165nam a2200229Ia 4500952009600000952009600096999001700192008004100209020001800250050001500268100003900283245012500322260003300447300001800480490002400498500004400522505030800566519000900874650001800883650002200901942001200923 00102lcc4070a01b01d2022-11-22l0oPA3976 E8p16 003148r2023-07-13t1w2022-11-22yLB 00102lcc4070a01b01d2022-11-22l0oPA3976 E8p16 003149r2023-07-13t2w2022-11-22yLB c69600d69600120626s1983 mx 000 0 spa d a968-432-120-1 aPA3976bE8 aEurípides.d484-406 a. C.eautor aLas diecinueve tragediasc/ Eurípides; versión directa del griego con una introducción de Ángel Ma. Garibay K.  aMéxicob: Porrúac, 1983 a517 páginas aSepan cuantosv: 24 aIncluye: Introducción, bibliografía aVida de Eurípides Obra de Eurípides El Cíclope Alcestes Medea Los Heraclidas Hipólito Andrómaca Hécuba Las locuras de Eraclés Suplicantes Ion Las troyanas Ifigenia en tauris Electra Helena Las fenicias Orestes Ifigenia de Aulis Baquides Reso  a d  0aTEATRO GRIEGO 0aLITERATURA GRIEGA cLB2lcc